| 000 | 00932nam a2200265 i 4500 | ||
|---|---|---|---|
| 001 | bg | ||
| 100 | 1 | _aMYCZKOWSKI, Lesław | |
| 245 | 1 | 0 |
_aSpółdzielnie mieszkaniowe : _bnowe regulacje ustawowe, majątek spółdzielców, wzór statutu, regulaminy / _cLesław Myczkowski. |
| 250 | _a6 wyd. | ||
| 260 |
_aWarszawa : _bC. H. Beck, _c2004. |
||
| 300 |
_aXIV, [1], 312 s. ; _c22 cm. |
||
| 490 | 1 | _aNieruchomości | |
| 504 | _aBibliogr. Indeks. | ||
| 650 | 9 |
_aSpółdzielczość mieszkaniowa _xprawo _zPolska _ystan na 2002 r. |
|
| 655 | _aPoradniki | ||
| 830 | _aNieruchomości | ||
| 020 | _a8373872825 | ||
| 040 | _cBPK | ||
| 041 | 0 | _apol | |
| 080 | _a347.726:334.736](438) | ||
| 920 | _a83-7387-282-5 | ||
| 942 | _cKS | ||
| 008 | s pl f |000 0 pol | ||
| 999 |
_c43721 _d43721 |
||
| 856 |
_uhttp://koha.tu.koszalin.pl/cgi-bin/koha/opac-detail.pl?biblionumber=43721 _yKatalog online BPK |
||